000 01901namaa2200421 i 4500
003 EG-GICUC
005 20260613134801.0
008 260613s2005 ua |||jr|||| 000 p ara d
017 _a2005 / 10244 (v.1)
_bدار الكتب والوثائق القومية (مصر)
017 _a2005 / 23813 (v.2)
_bدار الكتب والوثائق القومية (مصر)
020 _a9773058204 (v.1)
040 _aEG-GiCUC
_bara
_cEG-GiCUC
_dEG-GiCUC
_erda
043 _ae-sp---
082 0 4 _221
_a861.008
_bM9539m
092 0 4 _221
_a861.008
_bM9539m
099 _a861.008 M9539m
100 1 _eمؤلف.
245 _aمختارات من الشعر الإسبانى /
_cترجمة وتقديم على عبد الرءوف البمبى ؛ مراجعة صلاح فضل.
250 _aالطبعة الاولى
264 _aالقاهرة (مصر) :
_bالمجلس الأعلى للثقافة،
_c2005.
300 _aمجلد 2
_b؛
_c20 سم
336 _2rdacontent
_atext
337 _2rdamedia
_aUnmediated
338 _2rdacarrier
_avolume
490 _aالمشروع القومى للترجمة ؛
_v953
490 _aالمشروع القومى للترجمة ؛
_v795
504 _aيشتمل على ارجاعات ببليوجرافية وهوامش.
505 _aالمجلد الاول. من العصور الوسطى إالى العصر الحديث -- المجلد الثانى. العصر الحديث
541 _aوزارة الثقافة ؛
_bالقاهرة ؛
_cإهداء ؛
_d2023.
650 1 7 _aالشعر الاسبانى
_xمجموعات
_2qrmak
650 1 7 _aالشعر الاسبانى
_xدواوين وقصائد
_2qrmak
650 1 7 _aالادب الاسبانى
_2qrmak
651 1 _2qrmak
700 1 _aالبمبى، على عبد الرءوف
_eمترجم.
_eمقدم.
700 1 _aفضل، صلاح
_eمراجع.
905 _aAya
942 _2ddc
_cBK
_e21
_n0
999 _c180514
_d180514